Every number 1 player in osu! history - Statistics

General Stats
  • This quiz has been taken 56 times
    24 since last reset
  • The average score is 14 of 37
Answer Stats
Hint Answer % Correct
Germany WhiteCat
100%
Australia mrekk
94%
USA Vaxei
94%
South Korea cookiezi
89%
South Korea FlyingTuna
83%
Poland Rafis
83%
USA idke
78%
Chile Mathi
72%
United Kingdom Akolibed
67%
Poland WubWoofWolf
61%
South Korea firebat92
56%
USA Freddie Benson
50%
Japan rrtyui
50%
Taiwan hvick225
44%
United Kingdom Doomsday
39%
Finland thelewa
39%
USA Cyclone
28%
Germany ShadowSoul
28%
China Ana_Coppola
17%
Australia eyup
17%
South Korea Reimu-Desu
17%
USA Saturos
17%
South Korea sayonara-bye
17%
China 5231_Kinoko
11%
Japan Flute
11%
Uruguay H1ko
11%
USA Ivalset
11%
Poland kuburaczek
11%
USA Rolled
11%
South Korea Sure
11%
New Zealand Echo
6%
Taiwan f0012979
6%
USA geckogates
6%
South Korea La Valse
6%
Japan tobebuta
6%
Taiwan Uan
6%
Japan zaru-d
6%
No matching quizzes found
Score Distribution
Percent of People with Each Score
Percentile by Number Answered
Your Score History
You have not taken this quiz since the last reset